000 00677nam a2200217Ia 4500
003 GCL
008 140319s9999 xx 000 0 ara d
040 _aGCL /
_cGCL
082 0 4 _a320.101
_bس ف
100 1 _aسعد زهران
245 1 0 _aفى اصول السياسة المصرية مقال تحليلى نفدى فى التاريخ السياسى /
_cسعد زهران
260 _a[S.N] :
_bدار المستقبل العربى ،
_c1985
300 _a253 ص
490 _a
650 0 4 _aالعصر الحديث
650 0 4 _aمصر
650 0 4 _aتاريخ
650 0 4 _aالاحوال السياسية
650 0 4 _aالاشتراكية
942 _2ddc
_cBK
999 _c55352
_d55352